HARISON`S PRINCIPALS OF INTERNAL MEDICINE VOL-1 / (Record no. 795895)

MARC details
000 -LEADER
fixed length control field 00546pam a2200193 a 4500
020 ## - INTERNATIONAL STANDARD BOOK NUMBER
International Standard Book Number 007139141X
Terms of availability 2280.00
041 ## - LANGUAGE CODE
Language code of text/sound track or separate title eng
Language code of original NULL
082 ## - DEWEY DECIMAL CLASSIFICATION NUMBER
Classification number 616
Item number HAR/KAS
100 ## - MAIN ENTRY--PERSONAL NAME
Personal name HARRISONS, H .
245 ## - TITLE STATEMENT
Title HARISON`S PRINCIPALS OF INTERNAL MEDICINE VOL-1 /
Statement of responsibility, etc. NULL.
Medium Textual Documents
250 ## - EDITION STATEMENT
Edition statement 16 /
Remainder of edition statement .
260 ## - PUBLICATION, DISTRIBUTION, ETC.
Place of publication, distribution, etc. NULL :
Name of publisher, distributor, etc. MCGRAW HILL ,
Date of publication, distribution, etc. 2005.
300 ## - PHYSICAL DESCRIPTION
Extent 1292 :
Other physical details XXVI ;
Dimensions NULL .
365 ## - TRADE PRICE
Price type code 2280.00
650 ## - SUBJECT ADDED ENTRY--TOPICAL TERM
Topical term or geographic name entry element PATHOLOGY
700 ## - ADDED ENTRY--PERSONAL NAME
Personal name KASPER, D .
-- BRAUNWALD, E .
-- FAUCI, A .
930 ## - EQUIVALENCE OR CROSS-REFERENCE-UNIFORM TITLE HEADING [LOCAL, CANADA]
Uniform title 1359
Holdings
Withdrawn status Lost status Damaged status Not for loan Home library Current library Date acquired Cost, normal purchase price Total Checkouts Full call number Barcode Date due Date last seen Date last checked out Copy number Price effective from Koha item type
        Medical College & Hospital, Sangli Medical College & Hospital, Sangli 28/11/2011 2280.00 1 616 HAR/KAS MCS-3782 01/10/2043 06/10/2023 06/10/2023 1 26/07/2023 Book